Entry Nombre personal
001 - NÚMERO DE CONTROL
- campo de control: 133758
003 - IDENTIFICADOR DE NÚMERO DE CONTROL
- campo de control: SpMaBN
005 - FECHA Y HORA DE LA ÚLTIMA TRANSACCIÓN
- campo de control: 20250818015313.0
008 - ELEMENTOS DE DATO DE LONGITUD-FIJA
- campo de control de longitud fija: 000401nn ainnnaabn n aaa
016 ## - NÚMERO DE CONTROL DE UNA AGENCIA BIBLIOGRÁFICA NACIONAL
- Número de control del registro: BNE20003097717
024 7# - IDENTIFICADOR DE OTROS ESTÁNDARES
- Número estándar o código: http://www.wikidata.org/entity/Q3387738
- Fuente: wikidata
024 7# - IDENTIFICADOR DE OTROS ESTÁNDARES
- Número estándar o código: http://viaf.org/viaf/4995250/
- Fuente: viaf
024 7# - IDENTIFICADOR DE OTROS ESTÁNDARES
- Número estándar o código: https://isni.org/isni/0000000061397647
- Fuente: isni
040 ## - FUENTE DE CATALOGACIÓN
- Centro catalogador/agencia de origen: SpMaBN
- Lengua de catalogación: spa
- Centro/agencia transcriptor: SpMaBN
- Normas de descripción: rdc
- Convención/Normas de encabezamiento de materia/tesauro: embne
046 ## - FECHAS CON CODIFICACIÓN ESPECIAL
- Fecha de nacimiento: 1623
- Fecha de la muerte: 1698
100 1# - ENCABEZAMIENTO-NOMBRE DE PERSONA
- Nombre de persona: Villars, Pierre,
- Títulos y otros términos asociados al nombre: Marquis de,
- Fechas asociadas al nombre: 1623-1698
375 ## - GÉNERO/SEXO
- Género: Masculino
377 ## - IDIOMA ASOCIADO
- Código del idioma: fre
- Término de lengua/lenguaje: Francés
670 ## - FUENTE DE DATOS ENCONTRADOS
- Cita de la fuente: Mémoires de la Cour d'Espagne de 1679 a 1681, 1893
- Información encontrada: (Marquis de Villars)
670 ## - FUENTE DE DATOS ENCONTRADOS
- Cita de la fuente: WWW Sudoc auth., 20-2-2017
- Información encontrada: (Villars, Pierre, Marquis de; 1623-1698)
